| 000 | 00831cam a2200289 4500 | ||
|---|---|---|---|
| 001 | J3573 | ||
| 008 | 090401t1994 xxu||||| |||| 00| 0 eng d | ||
| 035 | _a(Sirsi) u55892 | ||
| 041 | _aeng | ||
| 050 | _a333.0017 | ||
| 110 |
_aJones Day _91830 |
||
| 245 | _aSurvey of customs and practices respecting real estate brokers and chartered surveyors. | ||
| 260 |
_aChicago, Il. _bJones Day _c1994 |
||
| 300 | _a23p. ; 28cm. | ||
| 350 | _a0 | ||
| 490 | _aInternational Property & Finance Briefing | ||
| 650 | _aABOUT RICS-RICS MEMBERS | ||
| 650 | _aFEES | ||
| 650 | _aPROFESSIONAL FEES | ||
| 650 | _aPROFESSIONAL PRACTICE | ||
| 650 | _aPROPERTY MARKET | ||
| 650 | _aREAL ESTATE BROKERS | ||
| 650 | _aREGULATION | ||
| 690 | _aMANAGEMENT-BUSINESS MANAGEMENT-PROFESSIONAL PRACTICE | ||
| 942 | _n0 | ||
| 948 | _c04/03/1997 | ||
| 999 |
_c93669 _d93669 |
||